Datum a čas kvízu

29 Celkem bodů Celkový počet nahraných bodů na tomto kvízu bez doplňovacích otázek.
4. Pořadí na kvízu Konečné umístění týmu na tomto kvízu.

Zaznamenané odpovědi

# Otázka Odpověď Body Výsledky
1. Minulý týden se v pražských Z... Bolt 1
2. Švýcarský výrobce nožů Victori... nebude obsahovat nožík/čepel 1
3. Pod kterým pseudonymem působí... Nemo 1
4. Někteří obyvatelé Německa, pře... kebab 1
5. Po dvanáctidenní plavbě dovezl... Marseille 1
6. Podíváme se do zemí či krajů,... Genovia, Anne Hathaway 0.5
7. Jak se nazývá chudé království... A) Monte Albo 1
8. Brobdingnag, Laputa, Balnibarb... Gulliverovy cesty 1
9. Přiřaďte tyto postavy z knižní... 1C 2D 3A 4B 0
10. Děj které humoristické novely... Rozmarné léto 1